Top 10 Rappers/Hip-Hop Groups from Philadelphia - Statistics

General Stats
  • This quiz has been taken 61 times
  • The average score is 2 of 10
Answer Stats
# Rapper % Correct
5 DJ Jazzy Jeff & The Fresh Prince
62%
1 The Roots
46%
3 Beanie Sigel
44%
9 Freeway
24%
2 Jedi Mind Tricks
12%
4 Schoolly D
8%
10 Bahamadia
6%
8 Viro the Virus
4%
6 Outerspace
2%
7 Reef the Lost Cauze
2%
No matching quizzes found
Score Distribution
Percent of People with Each Score
Percentile by Number Answered
Your Score History
You have not taken this quiz